01900nam a2200397 a 4500001001200000003000800012006001900020007001500039008004100054010001700095020001800112020001500130020001800145040002100163035002100184050002300205245012900228260003900357300002600396490004000422504005100462505034400513533015200857650001801009650004501027650003901072650003901111650003901150650003901189655002901228700002601257700002501283710001701308830005101325856012601376ebr10234809CaPaEBRm u cr cn|||||||||070125s2007 ne a sb 001 0 eng d z 2007295294 z9789047410997 z9004153926 z9789004153929 aCaPaEBRcCaPaEBR a(OCoLC)29055880414aN7630b.W66 2007eb00aWoman and art in early modern Latin Americah[electronic resource] /cedited by Kellen Kee McIntyre and Richard E. Phillips. aLeiden ;aBoston :bBrill,cc2007. axviii, 449 p. :bill.1 aAtlantic world,x1570-0542 ;vv. 10 aIncludes bibliographical references and index.0 apt. 1. Reconnaissance : marking and mapping the New World with the female body -- pt. 2. Taking possession : appropriations of the New World/female body -- pt. 3. Consolidation : the qualifying and taming of the New World/female body with signifieds -- pt. 4. Fulfillment : the extension and expression of the female body in the New World. aElectronic reproduction.bPalo Alto, Calif. :cebrary,d2013.nAvailable via World Wide Web.nAccess may be limited to ebrary affiliated libraries. 0aWomen in art. 0aArt, Latin AmericanxSpanish influences. 0aArt, Latin Americany16th century. 0aArt, Latin Americany17th century. 0aArt, Latin Americany18th century. 0aArt, Latin Americany19th century. 7aElectronic books.2local1 aMcIntyre, Kellen Kee.1 aPhillips, Richard E.2 aebrary, Inc. 0aAtlantic world (Leiden, Netherlands) ;vv. 10.40uhttp://site.ebrary.com/lib/rucke/Doc?id=10234809zAn electronic book accessible through the World Wide Web; click to view